000 00486nam a2200193Ia 4500
005 20230324092341.0
008 131103s9999 xx 000 0 und d
020 _a571109780
040 _aLoreto College
041 _aEnglish
082 _a822.91
_bBEC
100 _aBeckett, Samuel
245 _aEnds and odds
_b plays and sketches
_cSamuel Beckett
260 _aLondon
_bFaber and Faber
_c1977
300 _a104p.
650 _aEnglish drama
850 _aLCLIB
942 _cBK
999 _c21986
_d72465